Fairy Tail - Membres de la guilde Oracion Seis - Statistiques

Statistiques générales
  • Ce quiz a été pris 39 fois
  • Le résultat moyen est 7 sur 12
Statistiques - réponses
Par images Réponse % Correct
Angel
97%
Cobra
97%
Midnight
94%
Zero
91%
Brain
76%
Hot-Eye
76%
Racer
68%
Cuberios
29%
Jackpot
29%
Kurodoa
29%
Imitatia
26%
Grim Reaper
21%
Aucun quiz correspondant
Distribution des résultats
% des personnes avec chaque résultat
Percentile par nombre de réponses
Votre historique - résultats
Vous n’avez pas pris ce quiz